Cities in Any Country - Tile Select - Statistics

General Stats
  • This quiz has been taken 20 times
  • The average score is 109 of 135
Answer Stats
Question Tile Select % Correct
Cities in Russia Almaty No
100%
Cities in United Kingdom Birmingham Yes
100%
Cities in South Africa Cape Town Yes
100%
Cities in United Kingdom Cincinnati No
100%
Cities in South Africa Douglas No
100%
Cities in United Kingdom Edinburgh Yes
100%
Cities in China Hangzhou Yes
100%
Cities in China Ho Chi Minh City No
100%
Cities in Russia Hrodna No
100%
Cities in South Africa Johannesburg Yes
100%
Cities in United Kingdom London Yes
100%
Cities in Norway Oslo Yes
100%
Cities in Russia Saint Petersburg Yes
100%
Cities in United Kingdom Tampa No
100%
Cities in Russia Volgograd Yes
100%
Cities in United States of America Antigua No
95%
Cities in United Kingdom Belfast Yes
95%
Cities in Brazil Belo Horizonte Yes
95%
Cities in Norway Bergen Yes
95%
Cities in South Africa Bloemfontein Yes
95%
Cities in Japan Busan No
95%
Cities in Croatia Cluj-Napoca No
95%
Cities in United States of America Darwin No
95%
Cities in United States of America Denver Yes
95%
Cities in Croatia Dubrovnik Yes
95%
Cities in Germany Graz No
95%
Cities in Mexico Guadalajara Yes
95%
Cities in Germany Innsbruck No
95%
Cities in Japan Kyoto Yes
95%
Cities in United Kingdom Leeds Yes
95%
Cities in Germany Leipzig Yes
95%
Cities in Norway Mariehamn No
95%
Cities in Mexico Mexico City Yes
95%
Cities in South Africa Monrovia No
95%
Cities in Russia Novosibirsk Yes
95%
Cities in Japan Osaka Yes
95%
Cities in United Kingdom Portland No
95%
Cities in China Qingdao Yes
95%
Cities in Brazil San Jose No
95%
Cities in United States of America Seattle Yes
95%
Cities in Croatia Split Yes
95%
Cities in Japan Taipei No
95%
Cities in Japan Tianjin No
95%
Cities in Japan Tokyo Yes
95%
Cities in Norway Turku No
95%
Cities in Japan Yokohama Yes
95%
Cities in Germany Bremen Yes
89%
Cities in China Chennai No
89%
Cities in China Chittagong No
89%
Cities in Germany Dresden Yes
89%
Cities in Mexico Fortaleza No
89%
Cities in South Africa Freetown No
89%
Cities in Brazil Guayaquil No
89%
Cities in Iran Herat No
89%
Cities in United States of America Jacksonville Yes
89%
Cities in India Karachi No
89%
Cities in Croatia Lodz No
89%
Cities in Mexico Manaus No
89%
Cities in South Africa Otjiwarongo No
89%
Cities in South Africa Pretoria Yes
89%
Cities in Japan Pyongyang No
89%
Cities in Mexico Salvador No
89%
Cities in Mexico Tijuana Yes
89%
Cities in Norway Torshavn No
89%
Cities in Norway Trondheim Yes
89%
Cities in Russia Vitsyebsk No
89%
Cities in China Yangon No
89%
Cities in Croatia Banja Luka No
84%
Cities in Germany Bonn Yes
84%
Cities in China Chongqing Yes
84%
Cities in Indonesia Dili No
84%
Cities in South Africa Durban Yes
84%
Cities in United States of America El Paso Yes
84%
Cities in India Jaipur Yes
84%
Cities in Iran Kandahar No
84%
Cities in United States of America Limerick No
84%
Cities in Germany Linz No
84%
Cities in Brazil Medellin No
84%
Cities in Japan Nagoya Yes
84%
Cities in Greenland Nuuk Yes
84%
Cities in Russia Omsk Yes
84%
Cities in Mexico Recife No
84%
Cities in Iran Shiraz Yes
84%
Cities in United States of America Stanley No
84%
Cities in Russia Sukhumi No
84%
Cities in India Chennai Yes
79%
Cities in United Kingdom Cork No
79%
Cities in Iran Hakkari No
79%
Cities in Iran Isfahan Yes
79%
Cities in Iran Kerkuk No
79%
Cities in India Kolkata Yes
79%
Cities in Greenland Kugluktuk No
79%
Cities in Mexico Monterrey Yes
79%
Cities in Mexico Puebla Yes
79%
Cities in Germany Salzburg No
79%
Cities in Russia Yekaterinburg Yes
79%
Cities in Indonesia Bandung Yes
74%
Cities in Croatia Brno No
74%
Cities in India Faisalabad No
74%
Cities in United States of America Fort Wayne Yes
74%
Cities in Norway Gothenburg No
74%
Cities in India Hyderabad Yes
74%
Cities in India Jalalabad No
74%
Cities in Germany Mainz Yes
74%
Cities in Brazil Porto Alegre Yes
74%
Cities in Indonesia Surabaya Yes
74%
Cities in Brazil Belém Yes
68%
Cities in Brazil Curitiba Yes
68%
Cities in Greenland Killiniq No
68%
Cities in China Changsha Yes
63%
Cities in Indonesia Kajang No
63%
Cities in Brazil Maracaibo No
63%
Cities in Iran Mashhad Yes
63%
Cities in Croatia Rijeka Yes
63%
Cities in Norway Stavanger Yes
63%
Cities in China Urumqi Yes
63%
Cities in India Ahmedabad Yes
58%
Cities in Greenland Iqaluit No
58%
Cities in India Rawalpindi No
58%
Cities in Brazil Salvador Yes
58%
Cities in Indonesia Selayang No
58%
Cities in Norway Drammen Yes
53%
Cities in Croatia Zadar Yes
53%
Cities in Greenland Inuvik No
47%
Cities in Indonesia Medan Yes
47%
Cities in Greenland Ilulissat Yes
42%
Cities in Croatia Osijek Yes
42%
Cities in Indonesia Subang Jaya No
42%
Cities in Iran Ahvaz Yes
37%
Cities in Iran Karaj Yes
37%
Cities in Greenland Qaqortoq Yes
32%
Cities in Greenland Sisimiut Yes
32%
Cities in Indonesia Bekasi Yes
26%
Cities in Indonesia Depok Yes
26%
Cities in Greenland Aasiaat Yes
16%
No matching quizzes found
Score Distribution
Percent of People with Each Score
Percentile by Number Answered
Your Score History
You have not taken this quiz